| 000 | 01116cam a22002175a 4500 | ||
|---|---|---|---|
| 001 | L159001 | ||
| 008 | 150619s2015 xxk f 000 0 eng d | ||
| 035 | _a(Sirsi) u159001 | ||
| 041 | 0 | _aeng | |
| 110 | 2 |
_aDeloitte _95633 |
|
| 245 | 0 | 0 |
_aSupporting development, enabling growth _bthe economic contribution of Central London?s construction industry _A report for the City and Westminster Property Associations _h[electronic resource] |
| 260 |
_aLondon _bDeloitte _c2015 |
||
| 520 | _aReveals the extent of the economic contribution to both the capital, and the wider United Kingdom, of Central London's construction industry. Through its supply chain expenditure on materials and the wages paid to employees, Central London?s construction industry impacts other sectors operating both within London and the rest of the UK. | ||
| 590 | _aKA | ||
| 650 | 2 | 4 | _aECONOMIC GROWTH |
| 650 | 2 | 4 | _aECONOMIC IMPACT |
| 651 | 4 | _aLondon | |
| 690 | _aCONSTRUCTION | ||
| 856 | 4 | 0 |
_uhttps://drive.google.com/file/d/0B9mbI9ICbb5kSGl4c09qbzlqbHM/view _zView the item free of charge from the citypropertyasociation.com |
| 942 | _n0 | ||
| 999 |
_c115624 _d115624 |
||